000 01367nam a2200277Ia 4500
999 _c56071
_d56071
001 23171
003 GE_BSU
005 20230713123128.0
008 181216s1967||||ge |||||||||||||| ||geo||
040 _cGE_BSU
041 _ageo
080 _a821.111(73)-32 ა-57
245 _aამერიკული ნოველა :
_b 2 ტომად. ტ. 2 /
_cშეადგინა ც. თოფურიამ ; მთარგმნ. : მ. ნათაძე, თ. ჩხენკელი, მ. ქარჩავა და სხვ. ; რედ. ლ. იმერლიშვილი.
264 _aთბილისი :
_bსაბჭ. საქართველო,
_c1967.
300 _a463 გვ. ;
_c22 სმ.
490 _aმსოფლიოს ნოველა
541 _h2 ლ. 94 თ.
653 _aამერიკული ნოველა 2 ტომად
653 _aტ. 2
700 _aთოფურია, ც.
_eშემდგენელი
_919301
700 _aნათაძე, მ.
_eმთარგმნელი
_919302
700 _aჩხენკელი, თ.
_eმთარგმნელი
_917341
700 _aქარჩავა, მ.
_eმთარგმნელი
_916006
710 _aიმერლიშვილი, ლ.
_bრედაქტორი
_919303
942 _cBK
_2udc